| 000 | 00546nam a2200121Ia 4500 | ||
|---|---|---|---|
| 008 | 220620s9999||||xx |||||||||||||| ||und|| | ||
| 100 | _aWhite, John Kenneth||Kerbel, Matthew R. | ||
| 245 | 0 |
_aAmerican Political Parties _bWhy They Formed, How They Function, and Where They're Headed |
|
| 546 | _aEnglish[eng] | ||
| 650 | _aAmerican political parties;development;concise, sharp writing;Donald Trump;Joe Biden;Alexander Hamilton;Thomas Jefferson | ||
| 856 | _uhttps://library.oapen.org/bitstream/20.500.12657/54350/2/9780700633357.epub | ||
| 942 | _cEB | ||
| 999 |
_c31895 _d31895 |
||